000 00937nam a2200253 i 4500
001 170045
003 ES-MaACL
005 20230906214254.0
008 090119s1974 gw |||| | ger d
020 _a3-525-82354-1
080 _a17.036.2
100 1 _aFrede, Michael.
_9139197
245 1 4 _aDie stoische Logik /
_cvon Michael Frede.
260 _aGöttingen :
_bVandenhoeck & Ruprecht,
_c1974.
300 _a224 p. ;
_c25 cm.
490 1 _aAbhandlungen der Akademie der Wissenschaften in Göttingen. Philologisch-historische klasse, dritte folge ;
_v88
500 _aÍndices.
504 _aBibliografía.
650 0 4 _aEstoicismo.
_912555
650 0 4 _aEstoicos.
_912556
830 0 _aAbhandlungen der Akademie der Wissenschaften in Göttingen. Philologisch-historische klasse, dritte folge ;
_v88
_9222947
852 4 _aES-MaACL
_jE-12387
_9R.140545
_z. - Biblioteca Jacinto Martínez Lacalle
999 _c170045
_d170045